[Event "Windsor NAYCC U16"]
[Site "Windsor"]
[Date "2016.08.11"]
[Round "8.41"]
[White "Perkins, Josiah"]
[Black "Daggupati, Balaji"]
[Result "1-0"]
[WhiteElo "1759"]
[BlackElo "1932"]
[PlyCount "125"]
[EventDate "2016.08.07"]
[EventType "swiss"]
[EventRounds "9"]
[EventCountry "CAN"]
[SourceTitle "EXT 2022"]
[Source "ChessBase"]
[SourceDate "2021.10.06"]
[SourceVersion "1"]
[SourceVersionDate "2021.10.06"]
[SourceQuality "1"]

1. e4 c5 2. d4 cxd4 3. c3 dxc3 4. Nxc3 d6 5. Nf3 a6 6. Bc4 e6 7. 0-0 Nc6 8. Qe2 Nf6 9. Rd1 Qc7 10. Bf4 Be7 11. e5 dxe5 12. Nxe5 Nxe5 13. Bxe5 Qa5 14. Bd4 Qh5 15. Qc2 e5 16. Bb6 0-0 17. Nd5 Nxd5 18. Bxd5 Bg4 19. Re1 Bb4 20. Re3 Qh6 21. Bc7 Bd6 22. Bxb7 Ra7 23. Bxd6 Qxd6 24. Bf3 Bxf3 25. Rxf3 Rc7 26. Rc3 Rb7 27. b3 Rd8 28. Qc1 h6 29. Rc6 Qd3 30. Qc2 Qd4 31. Rc1 Rbd7 32. Rc8 g6 33. g3 Kg7 34. Qc3 Rxc8 35. Qxc8 Rd6 36. Qc5 Qb2 37. Qxd6 Qxc1+ 38. Kg2 Qe1 39. Qxa6 Qe4+ 40. Kg1 Qb1+ 41. Kg2 Qe4+ 42. f3 Qc2+ 43. Kg1 Qd1+ 44. Qf1 Qd4+ 45. Qf2 Qa1+ 46. Kg2 Qb1 47. Qd2 g5 48. b4 Kg6 49. a4 Qb3 50. a5 Kg7 51. a6 Qa4 52. Qe2 Qxb4 53. Qxe5+ f6 54. Qc7+ Kg6 55. Qc2+ Kg7 56. Qa2 g4 57. fxg4 Qxg4 58. h3 Qe4+ 59. Kh2 Qa8 60. a7 h5 61. Qa5 h4 62. Qc7+ Kh6 63. Qb8 1-0

[Event "Windsor NAYCC U16"]
[Site "Windsor"]
[Date "2016.08.08"]
[Round "2.44"]
[White "Miyasaka, Matthew Shoji"]
[Black "Perkins, Josiah"]
[Result "1-0"]
[WhiteElo "1971"]
[BlackElo "1759"]
[PlyCount "97"]
[EventDate "2016.08.07"]
[EventType "swiss"]
[EventRounds "9"]
[EventCountry "CAN"]
[SourceTitle "EXT 2022"]
[Source "ChessBase"]
[SourceDate "2021.10.06"]
[SourceVersion "1"]
[SourceVersionDate "2021.10.06"]
[SourceQuality "1"]

1. e4 e6 2. d4 d5 3. exd5 exd5 4. c4 c6 5. Nc3 Be6 6. cxd5 cxd5 7. Nf3 Bd6 8. Bd3 Ne7 9. Qe2 Nbc6 10. 0-0 Bg4 11. Be3 Qc7 12. h3 Bh5 13. a3 a6 14. b4 Rc8 15. Rfc1 f6 16. Rab1 0-0 17. b5 axb5 18. Nxb5 Qd7 19. Nxd6 Qxd6 20. Rc3 Ra8 21. g4 Bg6 22. Qd2 f5 23. Bf4 Qd7 24. g5 Bh5 25. Ne5 Nxe5 26. Bxe5 Nc6 27. Bb5 f4 28. Bxc6 bxc6 29. Kh2 Qf5 30. Rb7 Rf7 31. Rxf7 Bxf7 32. Bxf4 Be6 33. Be5 Bd7 34. f4 Qb1 35. Qe3 Qb2+ 36. Kg3 Bf5 37. Kh4 g6 38. Bf6 Be4 39. Rb3 Qa2 40. f5 Bxf5 41. Rb7 Be4 42. Rg7+ Kf8 43. Qf4 Rd8 44. Be7+ Kxg7 45. Qf6+ Kg8 46. Qe6+ Kg7 47. Bf6+ Kf8 48. Qe7+ Kg8 49. Qg7# 1-0